000
00296nam a2200133Ia 4500
100
_a
Bakshi/U.A/ Godse/A.P
650
_a
EDC
942
_c
BK
245
_a
Electronic devices and circuits 1
260
_b
Technical
_a
Pune
_c
2007
082
_a
621.381/BAK
_b
BAK
546
_a
ENGLISH
999
_c
20115
_d
20115